Kraje używające cyrylicy - Statystyki

Ogólne statystyki
  • Ten quiz został rozwiązany 39 razy
  • Średni wynik to 11 z 13
Statystyki odpowiedzi
Państwo % Poprawnych
Białoruś
100%
Rosja
100%
Ukraina
100%
Kazachstan
97%
Bułgaria
94%
Serbia
91%
Tadżykistan
91%
Kirgistan
86%
Macedonia Północna
80%
Kosowo
77%
Czarnogóra
74%
Mongolia
71%
Bośnia i Hercegowina
69%
Nie znaleziono quizów pasujących do podanych kryteriów
Rozkład punktacji
Procent ludzi z każdym wynikiem
Percentyl według liczby udzielonych odpowiedzi
Twoja historia wyników
Nie rozwiązałeś tego quizu